000 00495nam a22001577a 4500
003 OSt
005 20221013172911.0
008 221013b |||||||| |||| 00| 0 eng d
040 _cBiblioteca Lado V
082 _a700.74
_bSO678e
100 _9175
_aSocias, Antoni
_eautor
245 _aEspaña en la XXIV Bienal Internacional de Sao Paulo/
260 _aEspaña
_bMinisterio de Asuntos Exteriores
_c1998
300 _a77p.
_c26x22cm
942 _2ddc
_c1
_h700.74
_iSO678e
_n0
999 _c2307
_d2307